00215nam a2200073Ia 4500082000800000245003100008100006100039008004100100 aVAN 0aHerberg van die bobbejaan  a VAN SCHALKWYK, Nickey Pretoria, 1990 Grootdrukuitg 210817s9999 xx 000 0 und d